000 00506nam a2200181Ia 4500
005 20250326124225.0
008 250326s9999 xx 000 0 und d
037 _aTextbook
040 _aFMSL
_beng
_cFMSL
041 _aeng
_2eng
084 _aX:51ogSNI K7
_qFMSL
100 _aDouglas J
_9737025
245 0 _aHuman behavior in marketing
_cDouglas J
260 _aUSA
_bUSA, Charles E Merrill Books
_c1967
300 _a204p
942 _cTB
_hX:51ogSNI K7
999 _c1272823
_d1272823